00000000nam 2200000za 4500
0019.593209
003CaOODSP
00520210624201716
007cr |||||||||||
008150406s2006||||xxc|||||o    f|0| 0 fre d
020 |a0-662-71777-5
040 |aCaOODSP|bfre
043 |an-cn---
0861 |aCW69-14/487-2006F-PDF
1102 |aService canadien de la faune.
24510|aÉvaluation et rapport de situation du COSEPAC sur la Mulette feuille d'érable Quadrula quadrula : population de la Saskatchewan - Nelson, population des Grands Lacs - Ouest du Saint-Laurent au Canada |h[ressource électronique].
260 |aOttawa : |bEnvironnement Canada,|c2006.
300 |a73 p.|bgraphiques, ill., cartes, références, tableaux
500 |a«Population de la Saskatchewan – Nelson - espèce en voie de disparition, population des Grands Lacs - Ouest du Saint-Laurent – espèce menacée, 2006»
500 |aPubl. aussi en anglais sous le titre : COSEWIC assessment and status report on the Mapleleaf Mussel, Quadrula quadrula, Saskatchewan – Nelson population, Great Lakes – Western St. Lawrence population, in Canada.
590 |a07-04|b2007-01-26
69107|aCrustacé|2gcpds
69107|aEspèce menacée|2gcpds
77508|tCOSEWIC assessment and status report on the Mapleleaf Mussel, Quadrula quadrula, Saskatchewan – Nelson population, Great Lakes – Western St. Lawrence population, in Canada |w(CaOODSP)9.560543
794 |tÉvaluation et rapport de situation du COSEPAC sur la Mulette feuille d'érable, Quadrula quadrula, population des Grands Lacs et du haut Saint–Laurent, population de la rivière Saskatchewan et du fleuve Nelson, au Canada |w(CaOODSP)9.833131
85640|ahttp://publications.gc.ca|qPDF|s3080 Ko|uhttps://publications.gc.ca/collections/Collection/CW69-14-487-2006F.pdf